ARRUPE JESUIT UNIVERSITY

CORONAVIRUS -STOP THE SPREAD - CLEAN,DISINFECT,COVER

Personal idealism : (Record no. 127675)

MARC details
000 -LEADER
fixed length control field 01420cam a22003251i 4500
001 - CONTROL NUMBER
control field 9132818
003 - CONTROL NUMBER IDENTIFIER
control field ARRUPE
005 - DATE AND TIME OF LATEST TRANSACTION
control field 20180320103220.0
007 - PHYSICAL DESCRIPTION FIXED FIELD--GENERAL INFORMATION
fixed length control field cr_|||||||||||
008 - FIXED-LENGTH DATA ELEMENTS--GENERAL INFORMATION
fixed length control field 770831s1902 nyu 000 0 eng
010 ## - LIBRARY OF CONGRESS CONTROL NUMBER
LC control number 03000460
035 ## - SYSTEM CONTROL NUMBER
System control number (OCoLC)3230947
040 ## - CATALOGING SOURCE
Original cataloging agency DLC
Transcribing agency MoWgW
Modifying agency DLC
042 ## - AUTHENTICATION CODE
Authentication code premarc
050 00 - LIBRARY OF CONGRESS CALL NUMBER
Classification number B21
Item number .S8
082 ## - DEWEY DECIMAL CLASSIFICATION NUMBER
Classification number 104
300 ## - PHYSICAL DESCRIPTION
Dimensions 22 cm.
100 1# - MAIN ENTRY--PERSONAL NAME
Personal name Sturt, Henry Cecil (ed.)
Dates associated with a name 1863- ,
9 (RLIN) 40712
245 10 - TITLE STATEMENT
Title Personal idealism :
Remainder of title philosophical essays by eight members of the University of Oxford /
Statement of responsibility, etc edited by Henry Sturt.
260 ## - PUBLICATION, DISTRIBUTION, ETC. (IMPRINT)
Place of publication, distribution, etc London :
Name of publisher, distributor, etc Macmillan and Co. ,
Date of publication, distribution, etc 1902.
300 ## - PHYSICAL DESCRIPTION
Extent ix, 393 p. ;
505 0# - FORMATTED CONTENTS NOTE
Formatted contents note Error, by G. F. Stout.--Axioms as postulates, by F. C. S. Schiller.--The problem of freedom in its relation to psychology, by W. R. Boyce.--The limits of evolution, by G. E. Underhill.--Origin and validity in ethics, by R. R. Marett.--Art and personality, by H. Sturt.--The future of ethics: effort or abstention? by F. W. Bussell.--Personality, human and divine, by H. Rashdall.
530 ## - ADDITIONAL PHYSICAL FORM AVAILABLE NOTE
Additional physical form available note Also available in digital form on the Internet Archive Web site.
650 #0 - SUBJECT ADDED ENTRY--TOPICAL TERM
Topical term or geographic name as entry element Philosophy.
General subdivision Addresses
9 (RLIN) 25189
650 #0 - SUBJECT ADDED ENTRY--TOPICAL TERM
Topical term or geographic name as entry element Personalism.
9 (RLIN) 2153
650 #0 - SUBJECT ADDED ENTRY--TOPICAL TERM
Topical term or geographic name as entry element Idealism.
9 (RLIN) 40713
856 41 - ELECTRONIC LOCATION AND ACCESS
Uniform Resource Identifier <a href="http://hdl.loc.gov/loc.gdc/scd0001.00176552700">http://hdl.loc.gov/loc.gdc/scd0001.00176552700</a>
906 ## - LOCAL DATA ELEMENT F, LDF (RLIN)
a 7
b cbc
c oclcrpl
d u
e ncip
f 19
g y-gencatlg
942 ## - ADDED ENTRY ELEMENTS (KOHA)
Source of classification or shelving scheme Library of Congress Classification
Koha item type Monograph ( Printed materials)
Holdings
Withdrawn status Lost status Source of classification or shelving scheme Damaged status Not for loan Collection code Home library Current library Shelving location Date acquired Total Checkouts Full call number Barcode Date last seen Price effective from Koha item type
    Library of Congress Classification     Main Collection ARRUPE LIBRARY ARRUPE LIBRARY Main Collection 15/03/2018   B21 .S8 46600000193 15/03/2018 15/03/2018 Monograph ( Printed materials)

 

Arrupe Library. PO Box MP320 Mt Pleasant, Harare, Zimbabwe
263 242 745411|librarian@aju.ac.zw